[Event "Int. Stuttgarter Stadtmeisterschaft B"]
[Site "Ditzingen"]
[Date "2016.05.06"]
[Round "3.42"]
[White "Ungerer, Tobias"]
[Black "Schmitz, Harald"]
[Result "1-0"]
[WhiteElo "1333"]
[BlackElo "1691"]
[PlyCount "51"]
[EventDate "2016.??.??"]
[WhiteTeam "Schach-Kids Bernhausen"]
[BlackTeam "SC Aidlingen"]

1. e4 e6 2. d4 d5 3. Nd2 c5 4. c3 Nc6 5. Ngf3 cxd4 6. Nxd4 Bd7 7. exd5 Nxd4 8.
cxd4 exd5 9. Nf3 Nf6 10. Be2 Bd6 11. O-O O-O 12. Bg5 Re8 13. Qd3 a6 14. a4 Rc8
15. Rfc1 Rxc1+ 16. Rxc1 Bxa4 17. Qd2 Bd7 18. Re1 Be7 19. Qf4 Ne4 20. Bxe7 Rxe7
21. Bd3 Bc6 22. Ne5 Nf6 23. Re3 Qb6 24. Rg3 Ne8 25. Qh4 g6 26. Qxe7 1-0

[Event "Int. Stuttgarter Stadtmeisterschaft B"]
[Site "Ditzingen"]
[Date "2016.05.06"]
[Round "3.43"]
[White "Behm, Wilfried"]
[Black "Krebs, Thomas"]
[Result "1-0"]
[WhiteElo "1828"]
[BlackElo "1508"]
[PlyCount "61"]
[EventDate "2016.??.??"]
[WhiteTeam "SV Stuttgart-Wolfbusch"]
[BlackTeam "SK Gerlingen"]

1. d4 Nf6 2. c4 e6 3. Nc3 d5 4. e3 b6 5. Nf3 Be7 6. Bd3 Bb7 7. O-O O-O 8. b3 c5
9. Bb2 Nc6 10. Ne2 Nb4 11. Ne5 Nxd3 12. Qxd3 Rc8 13. Rfd1 Ba6 14. Rac1 Qc7 15.
Qd2 Rfd8 16. Qe1 Qb7 17. Ng3 dxc4 18. Nxc4 Ne4 19. Nxe4 Qxe4 20. f3 Qg6 21. Ne5
Qh5 22. Ba3 Bf6 23. Ng4 Rd5 24. Nxf6+ gxf6 25. dxc5 Rxd1 26. Rxd1 bxc5 27. Rc1
c4 28. bxc4 Rxc4 29. Rxc4 Bxc4 30. Qb4 Qh6 31. Qb8+ 1-0

[Event "Int. Stuttgarter Stadtmeisterschaft B"]
[Site "Ditzingen"]
[Date "2016.05.06"]
[Round "3.44"]
[White "Wagner, Dimitrij"]
[Black "Hornung, Richard"]
[Result "1-0"]
[WhiteElo "1445"]
[BlackElo "1662"]
[PlyCount "49"]
[EventDate "2016.??.??"]
[WhiteTeam "SV Hülzweiler"]
[BlackTeam "SG Schwabing München"]

1. e4 e5 2. Nf3 d6 3. d4 Bg4 4. Bc4 Bxf3 5. Qxf3 Qf6 6. Qb3 b6 7. Nc3 Ne7 8.
Nd5 Nxd5 9. exd5 exd4 10. Bb5+ Kd8 11. O-O a6 12. Qa4 g6 13. Re1 Bg7 14. Bd2
Kc8 15. c4 Kb7 16. Bc6+ Nxc6 17. Qxc6+ Kb8 18. Re4 Qd8 19. Rae1 Ka7 20. Re7 Rc8
21. Rd7 Qf8 22. Rxc7+ Rxc7 23. Qxc7+ Ka8 24. Re7 Qb8 25. Qc6+ 1-0

[Event "Int. Stuttgarter Stadtmeisterschaft B"]
[Site "Ditzingen"]
[Date "2016.05.06"]
[Round "3.45"]
[White "Hauger, Albrecht"]
[Black "Herbst, Rudolf"]
[Result "0-1"]
[WhiteElo "1429"]
[BlackElo "1648"]
[PlyCount "94"]
[EventDate "2016.??.??"]
[WhiteTeam "SC Magstadt"]
[BlackTeam "SG Fasanenhof"]

1. d4 d5 2. e3 Nf6 3. c4 c6 4. Nc3 g6 5. Nf3 Bg7 6. h3 Nbd7 7. Qc2 dxc4 8. Bxc4
Nb6 9. Bd3 Nbd5 10. a3 Nxc3 11. bxc3 e6 12. e4 Qe7 13. Be3 Nd7 14. O-O O-O 15.
Rfc1 c5 16. Be2 b6 17. a4 Bb7 18. a5 cxd4 19. cxd4 Rfc8 20. Qb1 Rxc1+ 21. Qxc1
Bxe4 22. Qc7 Qd8 23. Qxd8+ Rxd8 24. Nd2 Bd5 25. Bf3 Bxf3 26. Nxf3 e5 27. dxe5
Nxe5 28. Nxe5 Bxe5 29. Rb1 bxa5 30. Bxa7 Rd7 31. Bb6 Rb7 32. Re1 Rxb6 33. Rxe5
Ra6 34. Re3 a4 35. Ra3 Kg7 36. Kf1 g5 37. f3 h5 38. Ke2 Kf6 39. Kd3 h4 40. Ke3
Kf5 41. Kf2 Kf4 42. Kf1 Kg3 43. f4+ Kxf4 44. Rf3+ Ke4 45. Rxf7 a3 46. Re7+ Kd3
47. Re8 Kc2 0-1

[Event "Int. Stuttgarter Stadtmeisterschaft B"]
[Site "Ditzingen"]
[Date "2016.05.06"]
[Round "3.46"]
[White "Funk, Christian"]
[Black "Tölg, Wolfgang"]
[Result "0-1"]
[WhiteElo "1411"]
[BlackElo "1598"]
[PlyCount "66"]
[EventDate "2016.??.??"]
[WhiteTeam "Ssg Fils-Lauter"]
[BlackTeam "SF Oeffingen"]

1. d4 f5 2. c4 e6 3. Nf3 Nf6 4. Bg5 Be7 5. e3 d5 6. Nc3 c6 7. Be2 O-O 8. O-O
Ne4 9. Bxe7 Qxe7 10. Qc2 Nd7 11. a3 g5 12. h3 h5 13. Nh2 g4 14. hxg4 hxg4 15.
g3 Ndf6 16. Kg2 Qc7 17. Rh1 Kg7 18. Bd3 Rh8 19. Ne2 Bd7 20. f3 gxf3+ 21. Nxf3
Ng4 22. Bxe4 dxe4 23. Ng5 Nxe3+ 24. Kf2 Nxc2 25. Rac1 Rxh1 26. Rxh1 Kg6 27. Nh3
Qa5 28. Nhf4+ Kg7 29. Nh5+ Kf7 30. Nhf4 Rg8 31. Rh6 Qe1+ 32. Kg2 Ne3+ 33. Kh2
Ng4+ 0-1

[Event "Int. Stuttgarter Stadtmeisterschaft B"]
[Site "Ditzingen"]
[Date "2016.05.06"]
[Round "3.47"]
[White "Petitto, Francesco"]
[Black "Klüppel, Werner"]
[Result "1-0"]
[WhiteElo "1595"]
[BlackElo "1392"]
[PlyCount "81"]
[EventDate "2016.??.??"]
[WhiteTeam "SK Sontheim/Brenz"]
[BlackTeam "SC Pforzheim"]

1. e4 c6 2. d4 d5 3. e5 Bf5 4. Nf3 e6 5. Ng5 h6 6. Nf3 Bb4+ 7. c3 Ba5 8. Be3
Ne7 9. Bd3 Nd7 10. O-O O-O 11. Nh4 Be4 12. Bxe4 dxe4 13. Qg4 Nf5 14. Nxf5 exf5
15. Qxf5 c5 16. Rd1 Qe7 17. Qxe4 b5 18. Nd2 Bb6 19. f4 c4 20. d5 Bxe3+ 21. Qxe3
Nf6 22. d6 Qe6 23. Ne4 Nd7 24. Nc5 Nxc5 25. Qxc5 Rfc8 26. Qd5 Qf5 27. Qf3 Rd8
28. b3 Rac8 29. bxc4 Rxc4 30. Rab1 a6 31. g3 Qc2 32. Qf2 Qxf2+ 33. Kxf2 Rxc3
34. Rbc1 Rxc1 35. Rxc1 Kf8 36. Rc6 a5 37. Ke3 Ke8 38. Kd4 Kd7 39. Rc7+ Ke6 40.
Re7+ Kf5 41. Rxf7+ 1-0

[Event "Int. Stuttgarter Stadtmeisterschaft B"]
[Site "Ditzingen"]
[Date "2016.05.06"]
[Round "3.48"]
[White "Weisensel, Wolfgang"]
[Black "Herbst, Karin"]
[Result "0-1"]
[WhiteElo "1685"]
[BlackElo "1601"]
[PlyCount "74"]
[EventDate "2016.??.??"]
[WhiteTeam "Stuttgarter SF"]
[BlackTeam "SG Fasanenhof"]

1. b4 c6 2. Bb2 d5 3. e3 e6 4. Nf3 Nf6 5. a3 Be7 6. c4 O-O 7. d4 b6 8. Bd3 Bb7
9. O-O Nbd7 10. Qe2 Rc8 11. Nbd2 h6 12. Rac1 Rc7 13. Rc2 Qb8 14. Rfc1 Rfc8 15.
h3 c5 16. b5 dxc4 17. Nxc4 Nd5 18. Nce5 N7f6 19. Ne1 Bd6 20. N5f3 cxd4 21. exd4
Nf4 22. Qf1 Nxd3 23. Rxc7 Rxc7 24. Qxd3 Rxc1 25. Bxc1 Qc7 26. Bb2 Qe7 27. Ne5
Nd5 28. g3 h5 29. Nc4 Bb8 30. Ne3 Qd6 31. Nxd5 Qxd5 32. f3 Qg5 33. g4 hxg4 34.
fxg4 Qf4 35. Qe2 Qg3+ 36. Ng2 Qh2+ 37. Kf1 Bg3 0-1

[Event "Int. Stuttgarter Stadtmeisterschaft B"]
[Site "Ditzingen"]
[Date "2016.05.06"]
[Round "3.49"]
[White "Winkler, Tim"]
[Black "Steinhart, Matthias"]
[Result "1-0"]
[WhiteElo "1868"]
[BlackElo "1741"]
[PlyCount "120"]
[EventDate "2016.??.??"]
[WhiteTeam "SF Deizisau"]
[BlackTeam "SF Freiberg"]

1. e4 e5 2. Nf3 Nc6 3. Bc4 Nf6 4. d3 Bc5 5. Nc3 d6 6. h3 Na5 7. Bb3 Nxb3 8.
axb3 a6 9. Be3 Bxe3 10. fxe3 O-O 11. Qd2 Nd7 12. g4 c6 13. Ke2 Re8 14. Rag1 Nf8
15. h4 d5 16. h5 b5 17. exd5 cxd5 18. g5 Bb7 19. Rh4 d4 20. Ne4 Bxe4 21. Rxe4
Rc8 22. Kd1 dxe3 23. Qxe3 Qc7 24. Rg2 Nd7 25. d4 Qd6 26. Nxe5 Nxe5 27. Rxe5
Rxe5 28. Qxe5 Qxe5 29. dxe5 Kf8 30. g6 Rd8+ 31. Kc1 fxg6 32. hxg6 hxg6 33. Rxg6
Rd5 34. e6 Re5 35. b4 Kg8 36. e7 Rxe7 37. Rxa6 Rb7 38. Rc6 Kf7 39. Kd2 g5 40.
Ke3 Re7+ 41. Kf3 g4+ 42. Kg3 Re2 43. Rc5 Ke6 44. c3 Rxb2 45. Kxg4 Rc2 46. Kf4
Rf2+ 47. Ke3 Rc2 48. Kd3 Rh2 49. Rxb5 Rh3+ 50. Kc4 Rh4+ 51. Kb3 Rh3 52. Rc5 Kd6
53. Ka4 Rh1 54. c4 Ra1+ 55. Kb5 Ra8 56. Rc6+ Kd7 57. c5 Ra1 58. Rh6 Rg1 59.
Rh7+ Kc8 60. Kb6 Rb1 1-0

[Event "Int. Stuttgarter Stadtmeisterschaft B"]
[Site "Ditzingen"]
[Date "2016.05.06"]
[Round "3.50"]
[White "Christ, Marcel"]
[Black "Pibernik, Dario"]
[Result "1-0"]
[WhiteElo "1708"]
[BlackElo "1562"]
[PlyCount "126"]
[EventDate "2016.??.??"]
[WhiteTeam "SC Ingersheim"]
[BlackTeam "SV Schorndorf"]

1. d4 d5 2. c4 e6 3. Nc3 Bb4 4. Nf3 Ne7 5. Bf4 O-O 6. e3 Ng6 7. Bg3 c6 8. Qc2
dxc4 9. Bxc4 Bd6 10. Ne5 Nxe5 11. dxe5 Bc7 12. Qe4 Qg5 13. Bd3 Qh5 14. Rd1 Nd7
15. Be2 Qg6 16. f4 f5 17. Qc2 Qe8 18. Bc4 Rf7 19. O-O Nc5 20. e4 b5 21. Be2
fxe4 22. b4 Na6 23. Nxe4 Nxb4 24. Qb1 Nd5 25. Ng5 Rf5 26. Qd3 Bb6+ 27. Kh1 Ne3
28. Bh4 h6 29. Ne4 Qg6 30. g4 h5 31. Nd6 hxg4 32. Rg1 Nxd1 33. Rxg4 Qh7 34.
Bxd1 Rh5 35. Qg3 Rh6 36. Bf3 Qb1+ 37. Kg2 Qg1+ 38. Kh3 Qxg3+ 39. Kxg3 Bd7 40.
Bg5 Rh7 41. Nxb5 cxb5 42. Bxa8 Bg1 43. h4 Kf7 44. Be4 Rh8 45. Kf3 Bb6 46. Rg2
Rc8 47. Rc2 Rxc2 48. Bxc2 Bc6+ 49. Kg4 Bd5 50. a4 b4 51. f5 exf5+ 52. Kxf5 Ba2
53. Bd3 b3 54. Bc4+ Kf8 55. Ke6 Bc5 56. Kd7 g6 57. e6 Bb1 58. e7+ Bxe7 59.
Bxe7+ Kg7 60. Bxb3 Bd3 61. a5 a6 62. Kc7 Bb5 63. Kb6 Kh6 1-0

[Event "Int. Stuttgarter Stadtmeisterschaft B"]
[Site "Ditzingen"]
[Date "2016.05.06"]
[Round "3.51"]
[White "Wagner, Herbert"]
[Black "Kast, Larissa"]
[Result "0-1"]
[WhiteElo "1404"]
[BlackElo "1567"]
[PlyCount "50"]
[EventDate "2016.??.??"]
[WhiteTeam "SC Kreut"]
[BlackTeam "SK Ettlingen"]

1. d4 d5 2. Nf3 Nf6 3. e3 e6 4. Nbd2 c5 5. c4 b6 6. Bd3 dxc4 7. Nxc4 Bb7 8.
Ncd2 Nc6 9. Nb3 cxd4 10. Nbxd4 Nxd4 11. Nxd4 Bxg2 12. Bb5+ Nd7 13. Rg1 Bd5 14.
Bd2 a6 15. Bc6 Bxc6 16. Nxc6 Qc7 17. Qf3 Rc8 18. Nb4 Qxh2 19. Rh1 Qe5 20. Nd3
Qb5 21. e4 Ne5 22. Nxe5 Qxe5 23. Bc3 Bb4 24. Rc1 Bxc3+ 25. bxc3 Rc4 0-1

[Event "Int. Stuttgarter Stadtmeisterschaft B"]
[Site "Ditzingen"]
[Date "2016.05.06"]
[Round "3.52"]
[White "Lin, Jean-Claude"]
[Black "Khadempour, Parviz"]
[Result "0-1"]
[WhiteElo "1347"]
[BlackElo "1558"]
[PlyCount "74"]
[EventDate "2016.??.??"]
[WhiteTeam "SC Sillenbuch"]
[BlackTeam "SV Reutlingen"]

1. d4 c6 2. Nf3 d6 3. h3 Nd7 4. e4 e5 5. c3 Ngf6 6. Bd3 Be7 7. Nbd2 O-O 8. O-O
Re8 9. Nc4 Qc7 10. Ne3 Bf8 11. Nh4 exd4 12. cxd4 Nxe4 13. Nef5 Nef6 14. Bf4 g6
15. Qf3 Nh5 16. Nh6+ Bxh6 17. Bxh6 Ng7 18. Rae1 Rxe1 19. Rxe1 Qd8 20. Qg3 Nf8
21. f4 Bd7 22. Bg5 Qb6 23. Bf6 Nfe6 24. Nf5 Nxf5 25. Bxf5 Nxd4 26. Kh2 Nxf5 27.
Qc3 Re8 28. Rxe8+ Bxe8 29. Qe1 Qe3 30. Qb4 Qg3+ 31. Kg1 Ne3 32. Qd2 Qxf4 33.
Bd4 Nxg2 34. Qe2 Qxd4+ 35. Kxg2 Qd5+ 36. Kf2 Qe6 37. Qd3 Qf5+ 0-1

[Event "Int. Stuttgarter Stadtmeisterschaft B"]
[Site "Ditzingen"]
[Date "2016.05.06"]
[Round "3.53"]
[White "Kayser, Florian"]
[Black "Blum, Michael"]
[Result "1-0"]
[WhiteElo "1295"]
[BlackElo "1537"]
[PlyCount "73"]
[EventDate "2016.??.??"]
[WhiteTeam "TSV/RSK Esslingen"]
[BlackTeam "SC Aidlingen"]

1. e4 c5 2. Nf3 d6 3. d4 cxd4 4. Nxd4 Nf6 5. Nc3 a6 6. Bc4 e6 7. a4 Be7 8. O-O
O-O 9. Be3 Qc7 10. Bb3 Nc6 11. Nxc6 Qxc6 12. Qf3 Bd7 13. Rad1 e5 14. h3 Be6 15.
Nd5 Bd8 16. Rd3 Bxd5 17. Bxd5 Nxd5 18. Rxd5 h6 19. Rfd1 Be7 20. Qg3 Kh7 21. f4
f6 22. f5 Qe8 23. c4 Rc8 24. c5 dxc5 25. Qe1 Qxa4 26. Rd7 Rf7 27. Qg3 Rcf8 28.
R1d2 b6 29. Rb7 Qxe4 30. Rdd7 Re8 31. Qg6+ Kg8 32. Bxh6 Qc6 33. Bxg7 Rxg7 34.
Qxe8+ Kh7 35. Qh5+ Kg8 36. Rb8+ Bf8 37. Rxg7+ 1-0

[Event "Int. Stuttgarter Stadtmeisterschaft B"]
[Site "Ditzingen"]
[Date "2016.05.06"]
[Round "4.1"]
[White "Kleih, Julian"]
[Black "Longo, Massimo"]
[Result "1/2-1/2"]
[WhiteElo "1887"]
[BlackElo "1719"]
[PlyCount "65"]
[EventDate "2016.??.??"]
[WhiteTeam "SV Dettingen Erms"]
[BlackTeam "SK Gräfelfing"]

1. d4 Nf6 2. c4 e6 3. g3 c5 4. d5 exd5 5. cxd5 Bd6 6. Nc3 O-O 7. Bg2 a6 8. a4
Be5 9. Nf3 d6 10. O-O Nbd7 11. Nxe5 dxe5 12. a5 Ne8 13. Be3 f5 14. Na4 Qc7 15.
Qc1 Qxa5 16. Nxc5 Qb5 17. Ne6 Rf6 18. Bg5 Rg6 19. e4 f4 20. gxf4 exf4 21. Bxf4
Ndf6 22. Qc5 Qxc5 23. Nxc5 b6 24. Ne6 Bxe6 25. dxe6 Nxe4 26. Rfe1 Nc5 27. Kf1
Ra7 28. Be3 Kf8 29. Bxc5+ bxc5 30. Ra5 c4 31. Ra4 Ke7 32. Bd5 Nd6 33. Bxc4
1/2-1/2

[Event "Int. Stuttgarter Stadtmeisterschaft B"]
[Site "Ditzingen"]
[Date "2016.05.06"]
[Round "4.2"]
[White "Tönjes, Jürgen"]
[Black "Shahisavandi, Abdollah"]
[Result "0-1"]
[WhiteElo "1838"]
[BlackElo "1848"]
[PlyCount "132"]
[EventDate "2016.??.??"]
[WhiteTeam "SF Lilienthal"]
[BlackTeam "Karlsruher SF"]

1. d4 Nf6 2. c4 g6 3. Nc3 Bg7 4. Nf3 d6 5. e3 O-O 6. Bd3 Nbd7 7. O-O e5 8. dxe5
dxe5 9. Qc2 b6 10. Rd1 Bb7 11. Be2 Qe7 12. b3 Rad8 13. Bb2 a6 14. Rd2 e4 15.
Ne1 Ne5 16. Rxd8 Rxd8 17. Rd1 Nfg4 18. Rxd8+ Qxd8 19. Bxg4 Nxg4 20. h3 Nf6 21.
Qd1 Qe7 22. Nc2 Nd7 23. Qd2 Nc5 24. Ne1 Nd7 25. Nd1 Ne5 26. Bc3 Qg5 27. Kh2 Qe7
28. Bb4 Qd7 29. Qxd7 Nxd7 30. Bc3 Bf8 31. Kg1 a5 32. Kf1 f5 33. Ke2 Kf7 34. Nc2
Bd6 35. Ne1 Ne5 36. f3 Ke6 37. f4 Nd3 38. Nxd3 exd3+ 39. Kf2 Bc6 40. a4 h5 41.
h4 Be4 42. Bd2 Ba3 43. g3 Kd6 44. Ke1 Kc5 45. Bc3 Bc1 46. Bd2 Bxd2+ 47. Kxd2
Kb4 48. Nf2 Kxb3 49. Nxd3 Kxa4 50. Kc3 Bxd3 51. Kxd3 Kb3 52. e4 fxe4+ 53. Kxe4
a4 54. g4 a3 55. gxh5 a2 56. hxg6 a1=Q 57. Kf5 Kxc4 58. h5 Kd5 59. h6 Qh1 60.
Kg5 Qg2+ 61. Kf6 Qb2+ 62. Kf7 Qh8 63. g7 Qxh6 64. g8=Q Qe6+ 65. Kg7 Qxg8+ 66.
Kxg8 Ke4 0-1

[Event "Int. Stuttgarter Stadtmeisterschaft B"]
[Site "Ditzingen"]
[Date "2016.05.06"]
[Round "4.3"]
[White "Zimmermann, Tobias"]
[Black "Winkler, Tim"]
[Result "1/2-1/2"]
[WhiteElo "1820"]
[BlackElo "1868"]
[PlyCount "84"]
[EventDate "2016.??.??"]
[WhiteTeam "SC Botnang"]
[BlackTeam "SF Deizisau"]

1. e4 d6 2. d4 g6 3. f4 Bg7 4. Nf3 Nf6 5. Bd3 a6 6. O-O O-O 7. Qe2 b5 8. e5 Nd5
9. a4 b4 10. c4 bxc3 11. Nxc3 Nb4 12. Bb1 a5 13. Qe4 d5 14. Qe3 N8a6 15. h3 Rb8
16. g4 e6 17. Rf2 Qe7 18. h4 c5 19. Nb5 cxd4 20. Nbxd4 Bh6 21. h5 Bd7 22. Rh2
Bg7 23. hxg6 fxg6 24. f5 exf5 25. gxf5 Bxf5 26. Nxf5 gxf5 27. Nd4 Qxe5 28. Qxe5
Bxe5 29. Rg2+ Kf7 30. Nxf5 Nc5 31. Ra3 Ke6 32. Be3 Ne4 33. Nd4+ Bxd4 34. Bxd4
Rbc8 35. Bxe4 Rc1+ 36. Kh2 dxe4 37. Re3 Rc2 38. Rxe4+ Kd5 39. Reg4 Rxg2+ 40.
Kxg2 Nd3 41. Bc3 Kc6 42. Rg5 Rb8 1/2-1/2

[Event "Int. Stuttgarter Stadtmeisterschaft B"]
[Site "Ditzingen"]
[Date "2016.05.06"]
[Round "4.4"]
[White "Paschmann, Stefan"]
[Black "Kelemen, Alexander"]
[Result "1/2-1/2"]
[WhiteElo "1869"]
[BlackElo "1723"]
[PlyCount "46"]
[EventDate "2016.??.??"]
[WhiteTeam "Krefelder SK Turm"]
[BlackTeam "SC Weiße Dame Ulm"]

1. d4 Nf6 2. Nf3 e6 3. Bg5 c5 4. e3 d5 5. c3 Nc6 6. Nbd2 Be7 7. Bd3 O-O 8. O-O
b6 9. Qe2 Bb7 10. Ne5 Nxe5 11. dxe5 Nd7 12. Bxe7 Qxe7 13. f4 f6 14. Qh5 g6 15.
Qh4 Qg7 16. exf6 Qxf6 17. Qg4 Rad8 18. Rae1 e5 19. fxe5 Nxe5 20. Qg3 Qd6 21.
Be2 d4 22. exd4 cxd4 23. Rxf8+ Kxf8 1/2-1/2

[Event "Int. Stuttgarter Stadtmeisterschaft B"]
[Site "Ditzingen"]
[Date "2016.05.06"]
[Round "4.5"]
[White "Engelhardt, Frank"]
[Black "Dreyer, Andre"]
[Result "1/2-1/2"]
[WhiteElo "1807"]
[BlackElo "1855"]
[PlyCount "20"]
[EventDate "2016.??.??"]
[WhiteTeam "SC Botnang"]
[BlackTeam "SV Stockenhausen-Frommern"]

1. e4 d5 2. Nc3 Nf6 3. exd5 Nxd5 4. Bc4 e6 5. Nge2 Be7 6. d4 O-O 7. O-O b6 8.
Ne4 Nd7 9. c3 Bb7 10. Qd3 c5 1/2-1/2

[Event "Int. Stuttgarter Stadtmeisterschaft B"]
[Site "Ditzingen"]
[Date "2016.05.06"]
[Round "4.6"]
[White "Jäger, Hans-Ulrich"]
[Black "Stuckel, Marc"]
[Result "1-0"]
[WhiteElo "1855"]
[BlackElo "1671"]
[PlyCount "161"]
[EventDate "2016.??.??"]
[WhiteTeam "SC Sillenbuch"]
[BlackTeam "SGem Vaihingen-Rohr"]

1. e4 c6 2. d4 d5 3. e5 Bf5 4. Nc3 e6 5. g4 Bg6 6. Nge2 h6 7. Be3 Nd7 8. Nf4
Bh7 9. Qd2 Qa5 10. Bd3 Bxd3 11. Qxd3 Ne7 12. O-O g6 13. a3 Bg7 14. b4 Qc7 15.
Nce2 Nb6 16. Ng3 Nc4 17. Ne4 Ng8 18. Nc5 Qe7 19. c3 O-O-O 20. Bc1 Qh4 21. Qg3
Qxg3+ 22. fxg3 b6 23. Ncd3 Rf8 24. Nb2 Nxb2 25. Bxb2 Ne7 26. a4 Kd7 27. Nd3 f5
28. exf6 Rxf6 29. Ne5+ Kc7 30. b5 Rhf8 31. Rxf6 Bxf6 32. Re1 Bxe5 33. Rxe5 Rf6
34. h4 Kd7 35. Kg2 Rf8 36. Bc1 Rh8 37. Re2 h5 38. Bg5 hxg4 39. Rf2 Nf5 40. Rf4
c5 41. Rxg4 cxd4 42. cxd4 Rc8 43. Bf4 Rc2+ 44. Kh3 Rc4 45. Be5 Ne7 46. h5 gxh5
47. Rg7 Ke8 48. Rh7 Rxa4 49. Rxh5 Ng6 50. Rh6 Kf7 51. Rh7+ Ke8 52. Bd6 Rxd4 53.
Rg7 Rd3 54. Rxg6 Kd7 55. Be5 Rb3 56. Rg7+ Ke8 57. Rxa7 Rxb5 58. Bd6 Ra5 59.
Re7+ Kd8 60. Rxe6 Kd7 61. Rg6 b5 62. Bc5 Ra8 63. Rd6+ Kc7 64. Rxd5 Kc6 65. Rg5
Rb8 66. Bb4 Rh8+ 67. Kg4 Rd8 68. Rc5+ Kb6 69. Rf5 Rd4+ 70. Rf4 Rd5 71. Rf6+ Kc7
72. Ba5+ Kd7 73. Rb6 b4 74. Bxb4 Kc7 75. Rd6 Rxd6 76. Bxd6+ Kxd6 77. Kf5 Ke7
78. Kg6 Kf8 79. g4 Kg8 80. g5 Kh8 81. Kf7 1-0

[Event "Int. Stuttgarter Stadtmeisterschaft B"]
[Site "Ditzingen"]
[Date "2016.05.06"]
[Round "4.7"]
[White "Pocrnic, Josip"]
[Black "Kozina, Vinko"]
[Result "0-1"]
[WhiteElo "1787"]
[BlackElo "1855"]
[PlyCount "78"]
[EventDate "2016.??.??"]
[WhiteTeam "SF Conweiler"]
[BlackTeam "TSV/RSK Esslingen"]

1. e4 c5 2. Nf3 d6 3. Bb5+ Bd7 4. Bxd7+ Nxd7 5. d4 g6 6. O-O Bg7 7. c3 Ngf6 8.
Re1 O-O 9. Qb3 Qc7 10. h3 cxd4 11. Nxd4 a6 12. Bg5 h6 13. Bxf6 Bxf6 14. Nd2 b5
15. N2f3 Nc5 16. Qd1 Rad8 17. Qe2 e5 18. Nc2 Ne6 19. Nb4 Nf4 20. Qd2 Qc8 21.
Nd5 Nxd5 22. Qxd5 Qc7 23. a4 Rb8 24. axb5 axb5 25. Ra6 Be7 26. Rea1 Rb7 27. Qc6
Rc8 28. Qxc7 Rcxc7 29. Nd2 f5 30. f3 Kf7 31. Kf1 Ke6 32. Ke2 Bg5 33. Nb3 b4 34.
Na5 Rb5 35. Rd1 bxc3 36. Rdxd6+ Kf7 37. bxc3 Rb2+ 38. Kf1 Rxc3 39. Rac6 Ra3 0-1

[Event "Int. Stuttgarter Stadtmeisterschaft B"]
[Site "Ditzingen"]
[Date "2016.05.06"]
[Round "4.8"]
[White "Löchel, Günter"]
[Black "Handel, Oliver"]
[Result "1-0"]
[WhiteElo "1744"]
[BlackElo "1854"]
[PlyCount "127"]
[EventDate "2016.??.??"]
[WhiteTeam "SC Kreut"]
[BlackTeam "SF Kornwestheim"]

1. e4 c5 2. Nf3 d6 3. h3 a6 4. Nc3 Nc6 5. d4 cxd4 6. Nxd4 e5 7. Nf3 Nf6 8. Bd3
Be7 9. O-O O-O 10. Nd5 Nxd5 11. exd5 Nb8 12. Nh2 f5 13. c4 Nd7 14. Be3 b6 15.
f3 Nc5 16. Bc2 a5 17. a3 Nd7 18. Bd3 Nf6 19. g4 f4 20. Bf2 h5 21. Qe2 g5 22.
Bc2 Rf7 23. Kg2 Rg7 24. Qd3 Qc7 25. b4 Ba6 26. b5 Bc8 27. Rfc1 Bd7 28. gxh5
Nxh5 29. Ng4 Rf8 30. Rd1 Bf6 31. Qe4 Bd8 32. Bd3 Bf5 33. Nh6+ Kh8 34. Nxf5 Rh7
35. Nxd6 Nf6 36. Qxe5 Re7 37. Nf7+ Rfxf7 38. Qxc7 Bxc7 39. Bd4 Be5 40. Bxe5
Rxe5 41. Re1 Rfe7 42. Kf2 Nd7 43. Rxe5 Nxe5 44. Be2 Nd7 45. Rg1 Re5 46. Rh1 Kg7
47. h4 Kg6 48. hxg5 Rxg5 49. Rg1 Rxg1 50. Kxg1 Kf5 51. Kh2 Ke5 52. Kh3 Nc5 53.
Kg4 Nd7 54. Kg5 Nc5 55. Bf1 Nd7 56. Bh3 Nc5 57. d6 Kxd6 58. Kxf4 Nd3+ 59. Ke3
Ne5 60. Bf1 Ke6 61. Ke4 Nd7 62. Bh3+ Kd6 63. Bxd7 Kxd7 64. Kd5 1-0

[Event "Int. Stuttgarter Stadtmeisterschaft B"]
[Site "Ditzingen"]
[Date "2016.05.06"]
[Round "4.9"]
[White "Pfeilsticker, Thorsten"]
[Black "Häfele, Torsten"]
[Result "1-0"]
[WhiteElo "1560"]
[BlackElo "1825"]
[PlyCount "81"]
[EventDate "2016.??.??"]
[WhiteTeam "SV Stuttgart-Wolfbusch"]
[BlackTeam "SF Illingen"]

1. d4 f5 2. Bg5 d6 3. e3 g6 4. f4 Bg7 5. c3 Nf6 6. Bxf6 Bxf6 7. Nf3 h6 8. Nbd2
O-O 9. Qc2 c6 10. g4 e6 11. h4 Bg7 12. gxf5 gxf5 13. O-O-O b5 14. Bd3 a5 15.
Rdg1 Ra7 16. Qd1 Nd7 17. Rg3 Nf6 18. Qg1 h5 19. Rg5 Qe8 20. Nf1 Kh7 21. Ng3 Bh6
22. Nd2 Bxg5 23. hxg5 Ng4 24. Nxf5 exf5 25. Qxg4 Kg7 26. Qg3 Rh8 27. e4 Kg6 28.
Qg2 Rc7 29. Nf3 Qf7 30. exf5+ Kg7 31. f6+ Kf8 32. Bb1 Qe6 33. Nh4 Qe3+ 34. Kc2
Qxf4 35. Ng6+ Kf7 36. Nxf4 Bf5+ 37. Kc1 Bxb1 38. Kxb1 Rcc8 39. g6+ Kxf6 40. g7
Rhg8 41. Qg6+ 1-0

[Event "Int. Stuttgarter Stadtmeisterschaft B"]
[Site "Ditzingen"]
[Date "2016.05.06"]
[Round "4.10"]
[White "Rühl, Volker"]
[Black "Christ, Marcel"]
[Result "0-1"]
[WhiteElo "1830"]
[BlackElo "1708"]
[PlyCount "78"]
[EventDate "2016.??.??"]
[WhiteTeam "VfL Sindelfingen"]
[BlackTeam "SC Ingersheim"]

1. b4 e5 2. Bb2 Bxb4 3. Bxe5 Nf6 4. Nf3 Nc6 5. Bb2 O-O 6. e3 d5 7. Be2 h6 8.
O-O Bf5 9. d3 Re8 10. h3 Qd6 11. c3 Ba5 12. Qb3 Bb6 13. Na3 Na5 14. Qd1 c5 15.
Nc2 Bc7 16. Ba3 Bd7 17. d4 b6 18. dxc5 bxc5 19. Ncd4 Ne4 20. Nb3 Qg6 21. Nh4
Qf6 22. Nf3 Nxc3 23. Qd2 Nxb3 24. axb3 Nxe2+ 25. Qxe2 Qb6 26. Qc2 Bd6 27. Rfd1
Be6 28. Qc3 Rac8 29. Bb2 Bf8 30. Ra3 c4 31. b4 Rb8 32. Rda1 Qxb4 33. Qxb4 Rxb4
34. Bd4 Rb1+ 35. Rxb1 Bxa3 36. Bxa7 c3 37. Nd4 Rc8 38. Rb3 Bb2 39. Ne2 d4 0-1

[Event "Int. Stuttgarter Stadtmeisterschaft B"]
[Site "Ditzingen"]
[Date "2016.05.06"]
[Round "4.11"]
[White "Funk, Patrick"]
[Black "Jünk, Stefan"]
[Result "1-0"]
[WhiteElo "1793"]
[BlackElo "1673"]
[PlyCount "44"]
[EventDate "2016.??.??"]
[WhiteTeam "Mönchfelder SV"]
[BlackTeam "SC Leinzell"]

1. c4 Nf6 2. g3 d5 3. cxd5 Qxd5 4. Nf3 Bg4 5. Bg2 c6 6. Nc3 Qa5 7. b4 Qc7 8.
Bb2 Nbd7 9. O-O e5 10. a3 Rd8 11. d4 exd4 12. Qxd4 c5 13. Qe3+ Be7 14. Rfd1 Be6
15. Ng5 Bb3 16. Nb5 Qb6 17. Qxb3 c4 18. Qxc4 O-O 19. Bd4 Qa6 20. h4 h6 21. Ne4
Rc8 22. Qd3 Rfd8 1-0

[Event "Int. Stuttgarter Stadtmeisterschaft B"]
[Site "Ditzingen"]
[Date "2016.05.06"]
[Round "4.12"]
[White "Lehmann, Joachim"]
[Black "Mayer, Dietmar"]
[Result "1-0"]
[WhiteElo "1806"]
[BlackElo "1662"]
[PlyCount "66"]
[EventDate "2016.??.??"]
[WhiteTeam "Ilmenauer SV"]
[BlackTeam "SC Böblingen"]

1. d4 Nf6 2. c4 c5 3. d5 b5 4. b3 bxc4 5. bxc4 d6 6. Nc3 g6 7. Bb2 Bg7 8. Rb1
O-O 9. e4 Nbd7 10. Bd3 Rb8 11. Nge2 Qa5 12. O-O Ba6 13. Nb5 Bxb5 14. cxb5 Qxa2
15. Bc3 Nxd5 16. Bxg7 Kxg7 17. Ra1 Qb2 18. exd5 Qe5 19. Rxa7 Nb6 20. Qa1 Qxa1
21. Rfxa1 Nxd5 22. Rd7 Rfc8 23. Be4 Nc7 24. Bc6 Kf6 25. Nc3 Rb6 26. Re1 e6 27.
Ne4+ Kg7 28. Nxd6 Rcb8 29. Rxf7+ Kh6 30. Rxc7 e5 31. Nf7+ Kh5 32. Rxe5+ g5 33.
Rxg5+ Kh4 1-0

[Event "Int. Stuttgarter Stadtmeisterschaft B"]
[Site "Ditzingen"]
[Date "2016.05.06"]
[Round "4.13"]
[White "Wachtel, Arthur"]
[Black "Giebler, Kai"]
[Result "0-1"]
[WhiteElo "1706"]
[BlackElo "1789"]
[PlyCount "54"]
[EventDate "2016.??.??"]
[WhiteTeam "SK Freising"]
[BlackTeam "TSF Ditzingen"]

1. e4 e5 2. Nf3 Nc6 3. Bc4 Bc5 4. c3 Nf6 5. d3 d6 6. Nbd2 Bg4 7. h3 Be6 8. Bb3
Bb6 9. Nf1 Qd7 10. Ng3 O-O-O 11. O-O h6 12. Ba4 g5 13. d4 exd4 14. cxd4 d5 15.
Ne5 Qe8 16. Nxc6 bxc6 17. e5 Ne4 18. Be3 f5 19. Nxe4 dxe4 20. Rc1 Bd5 21. Rc3
f4 22. Bc1 Qe6 23. Kh2 Bc4 24. b3 Rxd4 25. Rxc4 Rxd1 26. Rxd1 Qxe5 27. Rxc6 e3
0-1